000 00443nam a22001817a 4500
003 MPLRDC
005 20220104144745.0
008 210129b ||||| |||| 00| 0 eng d
082 _a176.5 CQ
100 _a陈全
245 _a孩子EQ方程式
_c
250 _a一版一刷
260 _a
_b海滨图书公司
_c1998
300 _b
490 _a家庭教育系列
650 _a心理过程--情绪; 感情
942 _cBK
_o176.5 CQ
999 _c50958
_d50948